000 00949nas a2200265 4500
001 BR2014000870
003 BR-BrBNA
005 20231205123705.0
007 ta
008 230509b bl.|||p| |||| 00| 00por d
040 _aBR-BrBNA
_bpor
_cBiblioteca Nacional de Agricultura
041 _a(Pt)
072 _aT10; N20
100 1 _aCristóforo, A.B.
100 1 _aMachado Neto, J.G.
245 1 _aSegurança das condições de trabalho de tratorista em aplicações de herbicidas em soja e amendoim e eficiência de equipamentos de proteção individual
650 _aTRABALHADOR RURAL
650 _aINTOXICAÇÃO
650 _aEQUIPAMENTO AGRÍCOLA
650 _aPREVENÇÃO DE ACIDENTE
773 0 _tEngenharia Agrícola (Brazil)
_xISSN 0100-6916
_g(Jan 2007), v. 27(special number) p. 1-9
_wBR2014000870
856 4 0 _uhttp://www.scielo.br/pdf/eagri/v27nspe/01.pdf
909 _a202311
_bLúcia
_c55
_dLúcia Elande
942 _2AGRIS
_n0
_cANA
999 _c235196
_d235196